01033nam a22002777a 4500999001700000003000900017005001700026008004100043020001800084040004300102082002000145245008800165246002100253264006800274300002200342336002600364337002800390338002700418500002300445650002900468653002300497655002400520700003800544942001200582952016100594 c28514d28485EG-ScBUE20200719224930.0200219s2013 enk f 000 0 eng d a9781107631526 aEG-ScBUEbengerdacEG-ScBUEdEG-ScBUE04a428.44bACA22200aAcademic writing skills.n3,pTeacher's manual /cZachary Blalock [and four others]30aTeacher's manual 1aCambridge, United Kingdom :bCambridge University Press,c2013. a82 pages ;c24 cm 2rdacontentatextbtxt 2rdamediaaunmediatedbn 2rdacarrieravolumebnc aIncludes appendix. 7aAcademic writing.2BUEsh bHHUUEENNcJuly2020 vReading book9342321 aBlalock, Zachary,eauthor.932593 2ddccBB 00102ddc40708BaccahaMAINbMAINc2NDd2020-07-19ePurchaseg548.00l1m5o428.44 ACAp000049397r2025-07-15 00:00:00s2022-01-02v685.00w2020-07-19yTR